1271 1272 1449 1935 1735 1001 1682 1441 1026 1558 1489 1282 1620 1448 1486 1326 1983 1147 1417 1223 1677 1141 1982 1676 1078 1327 1117 1185 1822 1238 1940 1064 1162 1353 1292 1732 1802 1328 1456 1791 1237 1102 1727 1092 1920 1856 1895 1782 1131 1637 1712 1393 1241 1296 1726 1232 1204 1317 1621 1479 1740 1400 1255 1692 1316 1811 1697 1541 1927 1636 1923 1614 1201 1057 1340 1362 1872 1714 1944 1515 1734 1287 1530 1369 1665 1107 1873 1714 1653 1897 1308 1072 1021 1307 1192 1224 1147 1357 1339 BCNSPRNW ULIB Ver.6.0+V

เปลี่ยนเป็นภาษาไทย

Change to English
 แสดงรายละเอียดบรรณานุกรม
  กลับหน้าหลัก

Brief Record : Get Marc (ISO 2709) : E-mail record : QR code < ปิดหน้าต่าง
LEADER : 00000nam 2200000uu 4500
001    13399122158
003     ULIB
008    130107s2553||||th 000 0 tha d
020    ^a9789746725545
060 04 ^aWY156^bย61ก
100 0  ^aยุพิน เพียรมงคล
245 10 ^aการพยาบาลผู้ป่วยมะเร็งปากมดลูก /^bยุพิน เพียรมงคล
250    ^aพิมพ์ครั้งที่ 2
260    ^aเชียงใหม่ :^bโครงการตำรา คณะพยาบาลศาสตร์มหาวิทยาลัยเชียงใหม่,^c2553
300    ^aช, 176 หน้า :^bภาพประกอบ ;^c27 ซม.
650  7 ^aมะเร็งปากมดลูก^xการพยาบาล
710 2  ^aมหาวิทยาลัยเชียงใหม่. /^bคณะพยาบาลศาสตร์
945    ^p210^l0^i19612
945    ^p210^l0^i19613
945    ^p210^l0^i19644
945    ^p210^l0^i21731
945    ^p210^l0^i21732
945    ^p210^l0^i21733
945    ^p210^l0^i21734
945    ^p210^l0^i21735
995    ทศพร
999    ^aใช้งานได้ทุกระบบ
รายการนี้ยังไม่มีแท็ก
คุณยังไม่ได้ล็อกอิน คุณสามารถมีกิจกรรมร่วมกับเว็บไซต์ได้ แต่ต้องล็อกอินก่อน ::
  ล็อกอิน

รายการสื่อสารสนเทศ

ลำดับที่ ประเภท เลขเรียก/บาร์โค้ด สถานที่ สถานะ
1. วิทยาศาสตร์การแพทย์ และสุขภาพ
วิทยาศาสตร์การแพทย์ และสุขภาพ
สถานะ=หนังสือเก่า
WY156 ย61ก  
  Barcode: 19612
ห้องสมุดวิทยาเขตนครสวรรค์
►ส่วนจัดเก็บหนังสือเก่า นว.
บนชั้น
  ขอยืม
2. วิทยาศาสตร์การแพทย์ และสุขภาพ
วิทยาศาสตร์การแพทย์ และสุขภาพ
สถานะ=หนังสือเก่า
WY156 ย61ก ฉ.2 
  Barcode: 19613
ห้องสมุดวิทยาเขตนครสวรรค์
►ส่วนจัดเก็บหนังสือเก่า นว.
บนชั้น
  ขอยืม
3. วิทยาศาสตร์การแพทย์ และสุขภาพ
วิทยาศาสตร์การแพทย์ และสุขภาพ
สถานะ=หนังสือเก่า
WY156 ย61ก ฉ.3 
  Barcode: 19644
ห้องสมุดวิทยาเขตนครสวรรค์
►ส่วนจัดเก็บหนังสือเก่า นว.
บนชั้น
  ขอยืม
4. Book การพยาบาล
Book การพยาบาล
สถานะ=หนังสือเก่า
WY156 ย61ก ฉ.4 
  Barcode: 21731
ห้องสมุดวิทยาเขตนครสวรรค์
►ส่วนจัดเก็บหนังสือเก่า นว.
บนชั้น
  ขอยืม
5. Book การพยาบาล
Book การพยาบาล
สถานะ=หนังสือเก่า
WY156 ย61ก ฉ.5 
  Barcode: 21732
ห้องสมุดวิทยาเขตนครสวรรค์
►ส่วนจัดเก็บหนังสือเก่า นว.
บนชั้น
  ขอยืม
6. Book การพยาบาล
Book การพยาบาล
สถานะ=หนังสือเก่า
WY156 ย61ก ฉ.6 
  Barcode: 21733
ห้องสมุดวิทยาเขตนครสวรรค์
►ส่วนจัดเก็บหนังสือเก่า นว.
บนชั้น
  ขอยืม
7. Book การพยาบาล
Book การพยาบาล
สถานะ=หนังสือเก่า
WY156 ย61ก ฉ.7 
  Barcode: 21734
ห้องสมุดวิทยาเขตนครสวรรค์
►ส่วนจัดเก็บหนังสือเก่า นว.
บนชั้น
  ขอยืม
8. Book การพยาบาล
Book การพยาบาล
สถานะ=หนังสือเก่า
WY156 ย61ก ฉ.8 
  Barcode: 21735
ห้องสมุดวิทยาเขตนครสวรรค์
►ส่วนจัดเก็บหนังสือเก่า นว.
บนชั้น
  ขอยืม

รายการใกล้เคียง
    ผู้แต่ง [ยุพิน เพียรมงคล]

BibComment


ยังไม่เคยถูกคอมเมนท์

คอมเมนท์ทรัพยากรรายการนี้
  คอมเมนท์: การพยาบาลผู้ป่วย..


 Copyright 2026. Bcnsprnw @Library